000 00532nam a2200181 i 4500
001 71834
003 ES-MaACL
005 20250728092618.0
007 t|
008 040819s1968 sp ||||1| spa d
245 0 0 _aGibraltar
_b: historia de una usurpación.
260 _aMadrid :
_bServicio Informativo Español,
_c1968.
300 _a87 p., 16 lám. ;
_c21 cm.
490 1 _aDocumentos históricos ;
_v6
830 0 0 _aDocumentos históricos
_v6
_9183347
852 _aES-MaACL
_jC-35428
_bR.68647
999 _c71834
_d71834